| 000 | 00937nas a2200301 4500 | ||
|---|---|---|---|
| 001 | BR2018001750 | ||
| 003 | BR-BrBNA | ||
| 005 | 20231205131404.0 | ||
| 007 | ta | ||
| 008 | 230509b bl.|||p| |||| 00| 00por d | ||
| 040 |
_aBR-BrBNA _bpor _cBiblioteca Nacional de Agricultura |
||
| 041 | _a(En) | ||
| 072 | _aP36 | ||
| 100 | 1 | _aMonteiro, E. de C. | |
| 100 | 1 | _aBurak, D.L. | |
| 100 | 1 | _aCunha, A. de M. | |
| 100 | 1 | _aPassos, R.R. | |
| 100 | 1 | _aMendonça, E. de S. | |
| 245 | 1 | _aVisula assessment of pasture degradation: validation by ground cover and seasonal variation | |
| 650 | _aCAPIM BRACHIARIA | ||
| 650 | _aANÁLISE DO SOLO | ||
| 650 | _aDETERIORAÇÃO DO SOLO | ||
| 650 | _aPASTAGEM | ||
| 650 | _aMÉTODO ESTATÍSTICO | ||
| 773 | 0 |
_tRevista Ciência Agronômica (Brazil) _xISSN 0045-6888 _g(Jan-Mar 2018), v. 49(1) p. 174-182 _wBR2018001750 |
|
| 909 |
_a202311 _bLúcia _c55 _dLúcia Elande |
||
| 942 |
_2AGRIS _n0 _cANA |
||
| 999 |
_c254537 _d254537 |
||